000
00336nam a2200133Ia 4500
008
240624s9999 xx 000 0 und d
041
_a
eng
082
_a
658.4063 GAT
100
_a
GATIGNON HUBERT
245
_a
MAKING INNOVATION LAST VOLUME 2 SUSTAINA
260
_c
2016
_a
Macmillan,2016
300
_a
xix, 456 p.
365
_c
ERU
_b
31
999
_c
29384
_d
29384